000 00300 a2200133 4500
001 155287
040 _cEscola São Tomás de Aquino
100 _aAROEIRA, Maria Luíza Campos
240 1 0 _aAbracadabra
_lpor
245 1 0 _aAbracadabra
440 1 _aDimensão
697 _aMATEMÁTICA
942 _cBK
999 _c155287
_d155287